00399nam a2200157Ia 4500003000900000008004100009040001300050040001300063041000800076245007000084250001300154260000900167300001000176490000600186710004900192IT-RoPAU120407s9999 xx 000 0 und d aIT-RoPAU cIT-RoPAU aeng aPeace and Disarmament. Documents Wold Council of Churches. 2a ed. aVaticano c1982 c21 cm v1 aPontificia Commissione “Justitia et Pax”